| 000 | 00355 a2200157 4500 | ||
|---|---|---|---|
| 001 | 150648 | ||
| 040 | _cEscola São Tomás de Aquino | ||
| 100 | _aLADEIRA, Julieta de Godoy | ||
| 240 | 1 | 0 |
_aUm natal bem diferente _lpor |
| 245 | 1 | 0 | _aUm natal bem diferente |
| 300 | _a78 | ||
| 362 | 0 | _a2007 | |
| 440 | 1 | _aModerna | |
| 697 | _aRELIGIÃO | ||
| 942 | _cBK | ||
| 999 |
_c150648 _d150648 |
||